[Event "Sicilian Dragon"]
[Site "SchemingMind.com"]
[Date "2009.03.06"]
[Round "-"]
[White "keen"]
[Black "surkimus"]
[Result "1-0"]
[WhiteCountry "SCO"]
[BlackCountry "FIN"]
[WhiteElo "1671"]
[WhiteRD "56"]
[BlackElo "1921"]
[BlackRD "117"]
[GameID "194962"]

1. e4 c5 2. Nf3 d6 3. d4 cxd4 4. Nxd4 Nf6 5. Nc3 g6 6. Be3 Bg7 7. f3 O-O 8. Qd2 Nc6 9. O-O-O Nxd4 10. Bxd4 Be6
11. Bd3 Qa5 12. a3 a6 13. g4 b5 14. h4 Rfc8 15. h5 Bc4 16. hxg6 hxg6 17. Qh2 e5 18. Be3 b4 19. axb4 Qa1+ 20. Nb1 Ba2
21. Kd2 Qxb2 22. Bh6 Qxb4+ 23. Ke2 Bh8 24. Bd2 Qxd2+ 25. Rxd2 Bg7 26. Na3 Rc3 27. Nb1 Rcc8 28. Ke3 a5 29. c4 Bb3 30. Na3 Ba4
31. Rb1 Bd7 32. Rdb2 Bxg4 33. Rb7 Be6 34. R1b6 Nh5 35. Qb2 Bh6+ 36. Kf2 Nf4 37. Bf1
1-0

[Event "Sicilian Dragon"]
[Site "SchemingMind.com"]
[Date "2009.03.06"]
[Round "-"]
[White "surkimus"]
[Black "keen"]
[Result "1-0"]
[WhiteCountry "FIN"]
[BlackCountry "SCO"]
[WhiteElo "1921"]
[WhiteRD "117"]
[BlackElo "1671"]
[BlackRD "56"]
[GameID "194963"]

1. e4 c5 2. Nf3 d6 3. d4 cxd4 4. Nxd4 Nf6 5. Nc3 g6 6. Be3 Bg7 7. f3 O-O 8. Qd2 Nc6 9. O-O-O d5 10. exd5 Nxd5
11. Nxc6 bxc6 12. Bd4 Nxc3 13. Qxc3 Bxd4 14. Rxd4 Qc7 15. Bc4 Bb7 16. h4 c5 17. Rg4 Rad8 18. h5 Qd6 19. hxg6 Qf6 20. gxf7+ Kh8
21. Qxf6+ exf6 22. Rg8+ Rxg8 23. fxg8=Q+ Rxg8 24. Bxg8 Kxg8 25. Rd1 a6 26. Rd7 Bc6 27. Rd6 Bb5 28. Rxf6 Bf1 29. g3 Kg7 30. Rd6 h5
31. f4 Be2 32. Kd2 Bf1 33. c3 a5 34. a3 Bb5 35. Rd5
1-0

[Event "Sicilian Dragon"]
[Site "SchemingMind.com"]
[Date "2009.03.05"]
[Round "-"]
[White "acbrasileiro"]
[Black "keen"]
[Result "1-0"]
[WhiteCountry "BRA"]
[BlackCountry "SCO"]
[WhiteElo "1975"]
[WhiteRD "73"]
[BlackElo "1671"]
[BlackRD "56"]
[GameID "195013"]

1. e4 c5 2. Nf3 d6 3. d4 cxd4 4. Nxd4 Nf6 5. Nc3 g6 6. Be3 Bg7 7. f3 O-O 8. Qd2 Nc6 9. O-O-O d5 10. Bh6 dxe4
11. Bxg7 Kxg7 12. Nxc6 Qxd2+ 13. Rxd2 bxc6 14. f4 Bb7 15. Na4 Rad8 16. Nc5 Bc8 17. Re2 Bg4 18. Re1 e3 19. Be2 Bxe2 20. Rxe2 Nd5
21. g3 Rfe8 22. Rhe1 Rb8 23. c4 Nb4 24. a3 Na2+ 25. Kc2 e6 26. Rxe3 Red8 27. Ra1 Rd4 28. b3 Rbd8 29. Nd3
1-0

[Event "Sicilian Dragon"]
[Site "SchemingMind.com"]
[Date "2009.03.06"]
[Round "-"]
[White "acbrasileiro"]
[Black "surkimus"]
[Result "1-0"]
[WhiteCountry "BRA"]
[BlackCountry "FIN"]
[WhiteElo "1978"]
[WhiteRD "86"]
[BlackElo "1915"]
[BlackRD "77"]
[GameID "195014"]

1. e4 c5 2. Nf3 d6 3. d4 cxd4 4. Nxd4 Nf6 5. Nc3 g6 6. Be3 Bg7 7. f3 O-O 8. Qd2 Nc6 9. O-O-O Nxd4 10. Bxd4 Be6
11. e5 dxe5 12. Bxe5 Qxd2+ 13. Rxd2 Rfd8 14. Bd3 Ne4 15. Re2 Nxc3 16. Bxc3 Bxc3 17. bxc3 Rac8 18. Kd2 Rc5 19. Rb1 b6 20. a4 Rdc8
21. Ba6 Rd8+ 22. Bd3 Rd7 23. Rb5 Rc6 24. Re3 Bc4 25. Rbe5 Be6 26. R5e4 Rdc7 27. Bb5 Rc5 28. Rd4 Kg7 29. g3 Bc8 30. f4 Kf6
31. Rde4 Be6 32. Re5 h5 33. Rxc5 Rxc5 34. Rd3 Bc4 35. Bxc4 Rxc4 36. Rd4 Rc7 37. c4 e5 38. fxe5+ Kxe5 39. Ke3 f5 40. Rd5+ Kf6
41. Rd4 Ke5 42. Rd5+= Ke6 43. Kd4 g5 44. a5 Rd7 45. axb6 Rb7 46. bxa7 Rxa7 47. Re5+ Kf6 48. Re2 g4 49. c5 Kg5 50. Kd5 h4
51. c6 f4 52. Re5+ Kf6 53. gxf4 g3 54. hxg3 hxg3 55. Re2 Kf5 56. Kd6 Kxf4 57. c7 Ra8 58. Kd7 Kf3 59. Re8 Rxe8 60. Kxe8 g2
61. c8=Q g1=Q 62. Qf5+ Ke2 63. Qd3+ Ke1 64. c4 Qg8+ 65. Kd7 Qf7+ 66. Kc6 Qe6+ 67. Kb5 Qe8+ 68. Kb4 Qb8+ 69. Kc3 Qe5+ 70. Qd4 Qg3+
71. Kb2
1-0

[Event "Sicilian Dragon"]
[Site "SchemingMind.com"]
[Date "2009.03.05"]
[Round "-"]
[White "keen"]
[Black "acbrasileiro"]
[Result "0-1"]
[WhiteCountry "SCO"]
[BlackCountry "BRA"]
[WhiteElo "1671"]
[WhiteRD "56"]
[BlackElo "1975"]
[BlackRD "73"]
[GameID "195015"]

1. e4 c5 2. Nf3 d6 3. d4 cxd4 4. Nxd4 Nf6 5. Nc3 g6 6. Be3 Bg7 7. f3 O-O 8. Qd2 Nc6 9. O-O-O Bd7 10. g4 Ne5
11. Be2 Nc6 12. h4 Nxd4 13. Bxd4 Qa5 14. Kb1 Rac8 15. h5 Ne8 16. Bxg7 Nxg7 17. hxg6 fxg6 18. Qh6 Kf7 19. Qxh7 Rh8 20. Qxh8 Rxh8
21. Rxh8 b5 22. Rb8 a6 23. Nd5 Be6 24. b3 Bxd5 25. exd5 Qc3 26. Rb6 Qe3 27. Rxa6 Qxe2 28. Rh1 Qxf3 29. Rh8 Qxd5 30. Ra7 Qd1+
31. Kb2 Qd4+ 32. Kb1 Qxa7
0-1

[Event "Sicilian Dragon"]
[Site "SchemingMind.com"]
[Date "2009.03.06"]
[Round "-"]
[White "surkimus"]
[Black "acbrasileiro"]
[Result "0-1"]
[WhiteCountry "FIN"]
[BlackCountry "BRA"]
[WhiteElo "1861"]
[WhiteRD "101"]
[BlackElo "1989"]
[BlackRD "84"]
[GameID "195016"]

1. e4 c5 2. Nf3 d6 3. d4 cxd4 4. Nxd4 Nf6 5. Nc3 g6 6. Be3 Bg7 7. f3 O-O 8. Qd2 Nc6 9. O-O-O Bd7 10. g4 Rc8
11. h4 Nxd4 12. Bxd4 a6 13. h5 Ne8 14. hxg6 fxg6 15. Nd5 Bxd4 16. Qh6 Bg7 17. Qxh7+ Kf7 18. Nf4 Rh8 19. Qxg6+ Kg8 20. Rh5 e5
21. Nd5 Nf6 22. Nxf6+ Qxf6 23. Rxh8+ Kxh8 24. Qxf6 Bxf6 25. Rxd6 Bg5+ 26. Kb1 Rc7 27. b3 Kg7 28. Bc4 Be7 29. Rd5 Kf6 30. Rd1 Kg5
31. Rh1 Bc6 32. Rh5+ Kf4 33. Rf5+ Ke3 34. g5 Ba3 35. g6 Rd7 36. Bd3 Rg7 37. Rf6 Be8 38. Bxa6 bxa6 39. Rxa6 Bc5 40. a4 Rxg6
0-1

[Event "Sicilian Dragon"]
[Site "SchemingMind.com"]
[Date "2009.03.18"]
[Round "-"]
[White "capablanca"]
[Black "keen"]
[Result "0-1"]
[WhiteCountry "GER"]
[BlackCountry "SCO"]
[WhiteElo "1657"]
[WhiteRD "64"]
[BlackElo "1710"]
[BlackRD "60"]
[GameID "197020"]

1. e4 c5 2. Nf3 d6 3. d4 cxd4 4. Nxd4 Nf6 5. Nc3 g6 6. Be3 Bg7 7. f3 O-O 8. Qd2 Nc6 9. O-O-O a6 10. Bh6 Bd7
11. Bxg7 Kxg7 12. g4 Rc8 13. h4 Ne5 14. g5 Nh5 15. Be2 b5 16. f4 Nc4 17. Bxc4 Rxc4 18. f5 Qa5 19. fxg6 hxg6 20. Nb3 Qc7
21. Nd5 Qd8 22. Nf4 Bg4 23. Nxh5+ Bxh5 24. Rde1 Qa8 25. e5 dxe5 26. Rh2 Rd8 27. Qe3 f6 28. gxf6+ exf6 29. Nd2 Rcd4 30. Rf1 Qd5
31. Rff2 Qxa2 32. c3 R4d7 33. Qb6 Rd6 34. Qc7+ R6d7 35. Qc6 Qa1+ 36. Nb1 Rd1+ 37. Kc2 Qxb1+ 38. Kb3 R1d6 39. Qb7+ R8d7
0-1

[Event "Sicilian Dragon"]
[Site "SchemingMind.com"]
[Date "2009.03.18"]
[Round "-"]
[White "capablanca"]
[Black "acbrasileiro"]
[Result "0-1"]
[WhiteCountry "GER"]
[BlackCountry "BRA"]
[WhiteElo "1647"]
[WhiteRD "62"]
[BlackElo "1975"]
[BlackRD "73"]
[GameID "197021"]

1. e4 c5 2. Nf3 d6 3. d4 cxd4 4. Nxd4 Nf6 5. Nc3 g6 6. Be3 Bg7 7. f3 O-O 8. Qd2 Nc6 9. O-O-O Bd7 10. Bh6 Bxh6
11. Qxh6 Nxd4 12. Rxd4 Qa5 13. Kb1 Rac8 14. Qd2 Kg7 15. g4 Be6 16. h4 a6 17. Nd5 Qxd2 18. Rxd2 Bxd5 19. exd5 b5 20. h5 Rc5
0-1

[Event "Sicilian Dragon"]
[Site "SchemingMind.com"]
[Date "2009.03.19"]
[Round "-"]
[White "capablanca"]
[Black "surkimus"]
[Result "0-1"]
[WhiteCountry "GER"]
[BlackCountry "FIN"]
[WhiteElo "1647"]
[WhiteRD "62"]
[BlackElo "1921"]
[BlackRD "117"]
[GameID "197022"]

1. e4 c5 2. Nf3 d6 3. d4 cxd4 4. Nxd4 Nf6 5. Nc3 g6 6. Be3 Bg7 7. f3 O-O 8. Qd2 Nc6 9. O-O-O Nxd4 10. Bxd4 Be6
11. Bd3 Qa5 12. Kb1 a6 13. g4 b5 14. g5 Nh5 15. Bxg7 Kxg7 16. f4 b4 17. Nd5 Rab8 18. f5 Bxd5 19. exd5 Qxd5 20. f6+ exf6
21. gxf6+ Nxf6 22. Qf4 Qe5
0-1

[Event "Sicilian Dragon"]
[Site "SchemingMind.com"]
[Date "2009.03.18"]
[Round "-"]
[White "keen"]
[Black "capablanca"]
[Result "1-0"]
[WhiteCountry "SCO"]
[BlackCountry "GER"]
[WhiteElo "1671"]
[WhiteRD "56"]
[BlackElo "1647"]
[BlackRD "62"]
[GameID "197023"]

1. e4 c5 2. Nf3 d6 3. d4 cxd4 4. Nxd4 Nf6 5. Nc3 g6 6. Be3 Bg7 7. f3 O-O 8. Qd2 Nc6 9. O-O-O Bd7 10. g4 a6
11. h4 b5 12. h5 b4 13. Nd5 Nxd5 14. exd5 Nxd4 15. Bxd4 Bxd4 16. Qxd4 a5 17. hxg6 fxg6 18. Be2 Rc8 19. Rxh7 Rxc2+ 20. Kxc2 Qc7+
21. Kb1
1-0

[Event "Sicilian Dragon"]
[Site "SchemingMind.com"]
[Date "2009.03.18"]
[Round "-"]
[White "acbrasileiro"]
[Black "capablanca"]
[Result "1-0"]
[WhiteCountry "BRA"]
[BlackCountry "GER"]
[WhiteElo "1975"]
[WhiteRD "73"]
[BlackElo "1647"]
[BlackRD "62"]
[GameID "197024"]

1. e4 c5 2. Nf3 d6 3. d4 cxd4 4. Nxd4 Nf6 5. Nc3 g6 6. Be3 Bg7 7. f3 O-O 8. Qd2 Nc6 9. O-O-O Bd7 10. g4 a6
11. h4 b5 12. h5 Rc8 13. h6 Bh8 14. Nxc6 Rxc6 15. Bd4 e5 16. Be3 Be6 17. a3 Qc7 18. g5 Nd7 19. Nd5 Bxd5 20. exd5
1-0

[Event "Sicilian Dragon"]
[Site "SchemingMind.com"]
[Date "2009.03.19"]
[Round "-"]
[White "surkimus"]
[Black "capablanca"]
[Result "1-0"]
[WhiteCountry "FIN"]
[BlackCountry "GER"]
[WhiteElo "1921"]
[WhiteRD "117"]
[BlackElo "1647"]
[BlackRD "62"]
[GameID "197025"]

1. e4 c5 2. Nf3 d6 3. d4 cxd4 4. Nxd4 Nf6 5. Nc3 g6 6. Be3 Bg7 7. f3 O-O 8. Qd2 Nc6 9. O-O-O Bd7 10. g4 a6
11. h4 Rc8 12. h5 Nxd4 13. Bxd4 Qa5 14. hxg6 fxg6 15. g5 Nh5 16. Rxh5 gxh5 17. Bxg7 Kxg7 18. Qd4+ Qe5 19. Qxe5+ dxe5 20. Rxd7 Rxf3
21. Be2 Rg3 22. Rxe7+ Kf8 23. Rxh7 Rxg5 24. Rxh5 Rg1+ 25. Kd2 Rd8+ 26. Nd5
1-0

[Event "Sicilian Dragon"]
[Site "SchemingMind.com"]
[Date "2009.03.23"]
[Round "-"]
[White "Keith Kelchner"]
[Black "capablanca"]
[Result "1/2-1/2"]
[WhiteCountry "USA"]
[BlackCountry "GER"]
[WhiteElo "1618"]
[WhiteRD "84"]
[BlackElo "1668"]
[BlackRD "59"]
[GameID "197064"]

1. e4 c5 2. Nf3 d6 3. d4 cxd4 4. Nxd4 Nf6 5. Nc3 g6 6. Be3 Bg7 7. f3 O-O 8. Qd2 Nc6 9. O-O-O Bd7 10. a3 Ne5
11. h3 Nc4 12. Qe1 Nxe3 13. Qxe3 Rc8 14. g4 a6 15. g5 Ne8 16. h4 b5 17. b4 Nc7 18. h5 Ne6 19. Nxe6 Bxe6 20. Nd5 Bxd5
21. exd5 Rc3 22. Rd3 Qc7 23. Rxc3 Qxc3 24. Qxc3 Bxc3 25. Bd3 f5 26. hxg6 hxg6 27. f4 Kg7 28. Rh3 Rh8 29. Rxh8 Kxh8 30. Kd1=
1/2-1/2

[Event "Sicilian Dragon"]
[Site "SchemingMind.com"]
[Date "2009.03.19"]
[Round "-"]
[White "Keith Kelchner"]
[Black "keen"]
[Result "1-0"]
[WhiteCountry "USA"]
[BlackCountry "SCO"]
[WhiteElo "1656"]
[WhiteRD "86"]
[BlackElo "1654"]
[BlackRD "58"]
[GameID "197065"]

1. e4 c5 2. Nf3 d6 3. d4 cxd4 4. Nxd4 Nf6 5. Nc3 g6 6. Be3 Bg7 7. f3 O-O 8. Qd2 Nc6 9. O-O-O Bd7 10. Bb5 a6
11. Nxc6 bxc6 12. Bc4 Qc7 13. g4 Rfb8 14. Bg5 Qb6 15. b3 c5 16. Nd5 Nxd5 17. Bxd5 Ra7 18. h4 e6 19. Bc4 a5 20. c3 a4
21. Qc2 axb3 22. axb3 Rba8 23. Qd3 Ra1+ 24. Kd2 R8a2+ 25. Ke3 Rxd1 26. Rxd1 h6 27. Bf4 d5 28. exd5 Bb5 29. dxe6 fxe6 30. Qd8+ Kh7
31. Qxb6
1-0

[Event "Sicilian Dragon"]
[Site "SchemingMind.com"]
[Date "2009.03.19"]
[Round "-"]
[White "Keith Kelchner"]
[Black "acbrasileiro"]
[Result "0-1"]
[WhiteCountry "USA"]
[BlackCountry "BRA"]
[WhiteElo "1701"]
[WhiteRD "92"]
[BlackElo "2047"]
[BlackRD "83"]
[GameID "197066"]

1. e4 c5 2. Nf3 d6 3. d4 cxd4 4. Nxd4 Nf6 5. Nc3 g6 6. Be3 Bg7 7. f3 O-O 8. Qd2 Nc6 9. O-O-O Bd7 10. Bb5 a6
11. Nxc6 bxc6 12. Bc4 c5 13. Bh6 Bxh6 14. Qxh6 Be6 15. Nd5 Bxd5 16. exd5 a5 17. Qe3 a4 18. a3 Rb8 19. Rd3 Qd7 20. g4 Kg7
21. h4 Rh8 22. g5 Nh5 23. f4 Rb6 24. b3 Rhb8 25. Kd2 Kf8 26. Re1 Ng7 27. Qe2 Nf5 28. h5 Nd4 29. Qe3 gxh5 30. Qh3 Qg4
31. Qxg4 hxg4 32. Rh1 Kg7 33. Rg3 axb3 34. cxb3 Nxb3+ 35. Kc3 Nd4 36. Rxg4 Ra8 37. Ra1 Nb5+ 38. Bxb5 Rxb5 39. f5 Rab8 40. a4 Rb3+
41. Kc2 Rb2+ 42. Kc3 R8b3+
0-1

[Event "Sicilian Dragon"]
[Site "SchemingMind.com"]
[Date "2009.03.19"]
[Round "-"]
[White "Keith Kelchner"]
[Black "surkimus"]
[Result "0-1"]
[WhiteCountry "USA"]
[BlackCountry "FIN"]
[WhiteElo "1618"]
[WhiteRD "84"]
[BlackElo "1942"]
[BlackRD "84"]
[GameID "197067"]

1. e4 c5 2. Nf3 d6 3. d4 cxd4 4. Nxd4 Nf6 5. Nc3 g6 6. Be3 Bg7 7. f3 O-O 8. Qd2 Nc6 9. O-O-O Nxd4 10. Bxd4 Be6
11. a3 a6 12. g4 b5 13. g5 Nh5 14. Ne2 Qc7 15. Nf4 Bxd4 16. Nxh5 Bh8 17. Nf4 Bc4 18. Kb1 a5 19. b3 Bxf1 20. Rhxf1 Bc3
21. Qe2 Qc5 22. Rd3 Bg7 23. Ka2 Qe5 24. c3 Qxf4 25. Rg1 Qe5 26. h4 Qe6 27. Rd5 Bxc3 28. Rxb5 Rfb8 29. Qd3 Bg7 30. a4 Qh3
31. Rxb8+ Rxb8 32. Rg4 Qh2+
0-1

[Event "Sicilian Dragon"]
[Site "SchemingMind.com"]
[Date "2009.03.19"]
[Round "-"]
[White "capablanca"]
[Black "Keith Kelchner"]
[Result "1-0"]
[WhiteCountry "GER"]
[BlackCountry "USA"]
[WhiteElo "1623"]
[WhiteRD "56"]
[BlackElo "1711"]
[BlackRD "93"]
[GameID "197068"]

1. e4 c5 2. Nf3 d6 3. d4 cxd4 4. Nxd4 Nf6 5. Nc3 g6 6. Be3 Bg7 7. f3 O-O 8. Qd2 Nc6 9. O-O-O Bd7 10. Bh6 Nxd4
11. Bxg7 Kxg7 12. Qxd4 e5 13. Qxd6 Bc6 14. Qxd8 Rfxd8 15. Bc4 a6 16. Nd5 b5 17. Bb3 Rd6 18. Ne7 Rxd1+ 19. Rxd1 Be8 20. Nd5 Nh5
21. Nc7 Rc8 22. Nxa6 Nf4 23. g3 Nh3 24. Nb4 Ng5 25. Rd3 h5 26. h4 Ne6 27. Bxe6 fxe6 28. Rd6 Kf7 29. Nd3 Kf6 30. Rb6 Ra8
31. a3 Rc8 32. Nb4 Ke7 33. Nd3 Kf6 34. Kd2 Bd7 35. b3 Ra8 36. Nc5 Ke7 37. Nxd7 Kxd7 38. Rxb5 Rxa3 39. Rxe5 Ke7 40. Rc5 Ra1
41. Ke2 Rh1 42. b4 Kd6 43. e5+ Kd7 44. b5 Rb1 45. c4 Rb2+ 46. Ke3 Kd8 47. Rc6 Kd7 48. Rd6+ Ke7 49. Rd2 Rb3+ 50. Rd3 Rb4
51. Rc3 Kd7 52. Kd4 Rb2 53. Rd3 Ke7 54. Kc5 Re2 55. f4 Re1 56. b6 Rb1 57. Kc6 Rb4 58. c5 Rb5 59. Kxb5
1-0

[Event "Sicilian Dragon"]
[Site "SchemingMind.com"]
[Date "2009.03.19"]
[Round "-"]
[White "keen"]
[Black "Keith Kelchner"]
[Result "1-0"]
[WhiteCountry "SCO"]
[BlackCountry "USA"]
[WhiteElo "1651"]
[WhiteRD "62"]
[BlackElo "1618"]
[BlackRD "84"]
[GameID "197069"]

1. e4 c5 2. Nf3 d6 3. d4 cxd4 4. Nxd4 Nf6 5. Nc3 g6 6. Be3 Bg7 7. f3 O-O 8. Qd2 Nc6 9. O-O-O Nxd4 10. Bxd4 Be6
11. Kb1 a6 12. Be3 b5 13. Bh6 Qd7 14. Bxg7 Kxg7 15. f4 Bg4 16. Re1 Rad8 17. h3 Be6 18. g4 b4 19. Nd5 Qb7 20. f5 Bxd5
21. exd5 Nxd5 22. Bg2 Nc3+ 23. Ka1 Qb6 24. bxc3 bxc3 25. Qxc3+ Kh6 26. h4 g5 27. hxg5+ Kxg5 28. Qg7+ Kf4 29. Rhf1+ Kg3 30. Qc3+ Kh4
31. Qh3+ Kg5 32. Qh5+ Kf6 33. Qh6#
1-0

[Event "Sicilian Dragon"]
[Site "SchemingMind.com"]
[Date "2009.03.20"]
[Round "-"]
[White "acbrasileiro"]
[Black "Keith Kelchner"]
[Result "1-0"]
[WhiteCountry "BRA"]
[BlackCountry "USA"]
[WhiteElo "1994"]
[WhiteRD "89"]
[BlackElo "1618"]
[BlackRD "84"]
[GameID "197070"]

1. e4 c5 2. Nf3 d6 3. d4 cxd4 4. Nxd4 Nf6 5. Nc3 g6 6. Be3 Bg7 7. f3 O-O 8. Qd2 Nc6 9. O-O-O Nxd4 10. Bxd4 e5
11. Bxe5 Qb6 12. Qxd6 Qxd6 13. Bxd6 Rd8 14. Be5 Rxd1+ 15. Nxd1 Be6 16. b3 Nd7 17. Bxg7 Kxg7 18. Ne3 Rc8 19. Bc4 Bxc4 20. Nxc4 b5
21. Nd6 Rb8 22. Rd1 h5 23. Nxb5 Rxb5 24. Rxd7 a5 25. Rd5 Rxd5 26. exd5 Kf6 27. c4 Ke5 28. Kc2 Kd6 29. Kd3 f6 30. Kd4
1-0

[Event "Sicilian Dragon"]
[Site "SchemingMind.com"]
[Date "2009.03.21"]
[Round "-"]
[White "surkimus"]
[Black "Keith Kelchner"]
[Result "1-0"]
[WhiteCountry "FIN"]
[BlackCountry "USA"]
[WhiteElo "1942"]
[WhiteRD "84"]
[BlackElo "1618"]
[BlackRD "84"]
[GameID "197071"]

1. e4 c5 2. Nf3 d6 3. d4 cxd4 4. Nxd4 Nf6 5. Nc3 g6 6. Be3 Bg7 7. f3 O-O 8. Qd2 Nc6 9. O-O-O Nxd4 10. Bxd4 e5
11. Be3 Be6 12. Qxd6 Qxd6 13. Rxd6 Rfd8 14. Rxd8+ Rxd8 15. Be2 a6 16. Rd1 Rxd1+ 17. Kxd1 b5 18. a3 Nh5 19. g4 Nf6 20. Kd2 Bf8
21. a4 b4 22. Nd1 Nd7 23. Bxa6 Nc5 24. Bb5 b3 25. c3 Bd7 26. Bxc5 Bxc5 27. Bxd7 Bg1 28. a5 Bxh2 29. a6 Bg1 30. Ne3
1-0

[Event "Sicilian Dragon"]
[Site "SchemingMind.com"]
[Date "2009.03.20"]
[Round "-"]
[White "KaliYuga"]
[Black "capablanca"]
[Result "0-1"]
[WhiteCountry "IRL"]
[BlackCountry "GER"]
[WhiteElo "1925"]
[WhiteRD "80"]
[BlackElo "1657"]
[BlackRD "64"]
[GameID "197187"]

1. e4 c5 2. Nf3 d6 3. d4 cxd4 4. Nxd4 Nf6 5. Nc3 g6 6. Be3 Bg7 7. f3 O-O 8. Qd2 Nc6 9. O-O-O Bd7 10. Bc4 a6
11. g4 Nxd4 12. Bxd4 b5 13. Bb3 Rc8 14. h4 b4 15. Nd5 Nxd5 16. Bxg7 Kxg7 17. exd5 Qb6 18. Rhe1 Rfe8 19. h5 a5 20. hxg6 fxg6
21. Rh1 Rh8 22. Rde1 Qd8 23. Re4 a4 24. Qg5 axb3 25. Rxe7+ Kg8 26. Qf6 Rxc2+ 27. Kb1 Qf8 28. Qxh8+ Kxh8 29. Rexh7+ Kg8 30. Rh8+ Kf7
31. R1h7+ Qg7 32. Rxg7+ Kxg7 33. Rb8 Rf2 34. axb3 Rxf3 35. Rb7 Rf7 36. Rxb4 Kh6 37. Kc2 Rf2+ 38. Kc3 Rf3+ 39. Kc4 Rf4+ 40. Kc3 Rxb4
41. Kxb4 Bxg4 42. Kb5 Bd7+ 43. Kb6 g5 44. Kc7 Bb5 45. Kxd6 g4 46. Kc5 g3 47. Kxb5 g2 48. d6 g1=Q 49. d7 Qg8 50. Kc6 Qd8
51. b4 Kg6 52. b5 Kf6 53. b6 Ke6 54. b7 Qxd7+ 55. Kb6 Qd4+ 56. Ka6 Qxb2 57. Ka7 Qa3+ 58. Kb6 Qb4+ 59. Kc6 Qd6+ 60. Kb5 Qb8
61. Ka6 Kd6 62. Kb6 Kd7
0-1

[Event "Sicilian Dragon"]
[Site "SchemingMind.com"]
[Date "2009.03.21"]
[Round "-"]
[White "KaliYuga"]
[Black "keen"]
[Result "1-0"]
[WhiteCountry "IRL"]
[BlackCountry "SCO"]
[WhiteElo "1925"]
[WhiteRD "80"]
[BlackElo "1710"]
[BlackRD "60"]
[GameID "197188"]

1. e4 c5 2. Nf3 d6 3. d4 cxd4 4. Nxd4 Nf6 5. Nc3 g6 6. Be3 Bg7 7. f3 O-O 8. Qd2 Nc6 9. O-O-O Bd7 10. g4 Rc8
11. Bc4 Ne5 12. Bb3 a6 13. h4 b5 14. h5 Nc4 15. Bxc4 Rxc4 16. hxg6 fxg6 17. Bh6 b4 18. Nd5 Qa5 19. Nxe7+ Kf7 20. Bxg7 Kxg7
21. Qh6+ Kf7 22. Nd5 Nxd5 23. Qxh7+ Ke8 24. Qxg6+ Kd8 25. exd5 Qxa2 26. Qg7 Re8 27. Rh8 Rxh8 28. Qxh8+ Kc7 29. Ne6+ Kb7 30. Qg7 Qb3
31. Qxd7+ Kb6 32. Qxd6+ Ka5 33. Qd8+ Ka4 34. Nd4 Qe3+ 35. Kb1 Rxd4 36. Qd7+ Ka5 37. Qc7+ Kb5 38. Qc6+ Ka5 39. Qc5+
1-0

[Event "Sicilian Dragon"]
[Site "SchemingMind.com"]
[Date "2009.03.25"]
[Round "-"]
[White "KaliYuga"]
[Black "Keith Kelchner"]
[Result "0-1"]
[WhiteCountry "IRL"]
[BlackCountry "USA"]
[WhiteElo "1944"]
[WhiteRD "82"]
[BlackElo "1711"]
[BlackRD "93"]
[GameID "197189"]

1. e4 c5 2. Nf3 d6 3. d4 cxd4 4. Nxd4 Nf6 5. Nc3 g6 6. Be3 Bg7 7. f3 O-O 8. Qd2 Nc6 9. O-O-O e5 10. Ndb5 Qe7
11. g4 a6 12. Nxd6 Rd8 13. Bc5 Qd7 14. Bc4 Bf8 15. Bxf7+ Kg7 16. Qg5 Bxd6 17. Bxg6 Qe7 18. Be8+ Kf8 19. Rxd6 Kxe8 20. Rxc6 bxc6
21. Bxe7 Kxe7 22. Qxe5+ Kf7 23. g5 Nd7 24. Nd5 Nxe5 25. Nb6 Ra7 26. f4 Rb7 27. Nxc8 Rxc8 28. fxe5 Re8 29. Rf1+ Kg6 30. h4 Rf7
31. Rxf7 Kxf7 32. Kd2 Rxe5 33. Kd3 Kg6 34. b4 Kh5 35. Kd4 Rb5 36. a3 Kxh4 37. c4 Rxg5 38. e5 Kg4 39. Ke4 Rg6 40. a4 h5
41. b5 cxb5 42. axb5 axb5
0-1

[Event "Sicilian Dragon"]
[Site "SchemingMind.com"]
[Date "2009.03.22"]
[Round "-"]
[White "KaliYuga"]
[Black "acbrasileiro"]
[Result "1-0"]
[WhiteCountry "IRL"]
[BlackCountry "BRA"]
[WhiteElo "1985"]
[WhiteRD "79"]
[BlackElo "1978"]
[BlackRD "86"]
[GameID "197190"]

1. e4 c5 2. Nf3 d6 3. d4 cxd4 4. Nxd4 Nf6 5. Nc3 g6 6. Be3 Bg7 7. f3 O-O 8. Qd2 Nc6 9. O-O-O Bd7 10. g4 Nxd4
11. Bxd4 a6 12. h4 e5 13. Be3 Ne8 14. Bc4 Rc8 15. Bb3 Be6 16. Bd5 Bxd5 17. Nxd5 Rc6 18. h5 Nc7 19. hxg6 fxg6 20. Qh2 Kf7
21. Bh6 Rh8 22. Bxg7 Kxg7 23. f4 Nxd5 24. exd5 Rc4 25. Qh6+ Kf7 26. fxe5 dxe5 27. Rhf1+ Rf4 28. Rxf4+ exf4 29. Qxf4+ Kg7 30. Qe5+ Qf6
31. Qc7+ Qf7 32. Qc3+ Qf6 33. Qb4 b5 34. d6 Rd8 35. d7 Qg5+ 36. Kb1 Qf6 37. a4 bxa4 38. Qxa4 Qe6 39. Qd4+ Qf6 40. Qc4 Qf7
41. Qc7 Qe7 42. c4 Qe4+ 43. Ka2 Qe7 44. c5 Qe6+ 45. Ka3 Qe7 46. Qd6 Qxd6 47. Rxd6 Kf7 48. c6 Ke7 49. Rd4 h5 50. c7
1-0

[Event "Sicilian Dragon"]
[Site "SchemingMind.com"]
[Date "2009.03.20"]
[Round "-"]
[White "KaliYuga"]
[Black "surkimus"]
[Result "1-0"]
[WhiteCountry "IRL"]
[BlackCountry "FIN"]
[WhiteElo "1935"]
[WhiteRD "79"]
[BlackElo "1942"]
[BlackRD "84"]
[GameID "197191"]

1. e4 c5 2. Nf3 d6 3. d4 cxd4 4. Nxd4 Nf6 5. Nc3 g6 6. Be3 Bg7 7. f3 O-O 8. Qd2 Nc6 9. O-O-O Nxd4 10. Bxd4 Be6
11. g4 a6 12. h4 b5 13. h5 Qa5 14. h6 Bh8 15. e5 Rfd8 16. exf6 exf6 17. g5 b4 18. Ne4 Qxa2 19. Qxb4 Rab8 20. Qa3 Qxa3
21. bxa3 f5 22. Nf6+ Bxf6 23. Bxf6 Rd7 24. Bxa6 Ra8 25. Bb5
1-0

[Event "Sicilian Dragon"]
[Site "SchemingMind.com"]
[Date "2009.03.20"]
[Round "-"]
[White "capablanca"]
[Black "KaliYuga"]
[Result "0-1"]
[WhiteCountry "GER"]
[BlackCountry "IRL"]
[WhiteElo "1657"]
[WhiteRD "64"]
[BlackElo "1925"]
[BlackRD "80"]
[GameID "197192"]

1. e4 c5 2. Nf3 d6 3. d4 cxd4 4. Nxd4 Nf6 5. Nc3 g6 6. Be3 Bg7 7. f3 O-O 8. Qd2 Nc6 9. O-O-O a6 10. Bh6 Bxh6
11. f4 e5 12. Nxc6 Qc7 13. Nd5 Nxd5 14. Qxd5 bxc6 15. Qxd6 Bxf4+ 16. Kb1 Qxd6 17. Rxd6 Bb7 18. Bc4 c5 19. Bd5 Bxd5 20. Rxd5 c4
21. g3 Bh6 22. Rxe5 Rfe8 23. Rxe8+ Rxe8 24. Re1 Bg7 25. c3 f5
0-1

[Event "Sicilian Dragon"]
[Site "SchemingMind.com"]
[Date "2009.03.20"]
[Round "-"]
[White "keen"]
[Black "KaliYuga"]
[Result "0-1"]
[WhiteCountry "SCO"]
[BlackCountry "IRL"]
[WhiteElo "1671"]
[WhiteRD "56"]
[BlackElo "1948"]
[BlackRD "80"]
[GameID "197193"]

1. e4 c5 2. Nf3 d6 3. d4 cxd4 4. Nxd4 Nf6 5. Nc3 g6 6. Be3 Bg7 7. f3 O-O 8. Qd2 Nc6 9. O-O-O d5 10. exd5 Nxd5
11. Nxc6 bxc6 12. Nxd5 cxd5 13. Qxd5 Qc7 14. Bd3 Be6 15. Qc5 Qb7 16. Bd4 Rac8 17. Qxa7 Qxa7 18. Bxa7 Ra8 19. Bc5 Rxa2 20. Ba3 Bh6+
21. Kb1 Rxa3
0-1

[Event "Sicilian Dragon"]
[Site "SchemingMind.com"]
[Date "2009.03.25"]
[Round "-"]
[White "Keith Kelchner"]
[Black "KaliYuga"]
[Result "0-1"]
[WhiteCountry "USA"]
[BlackCountry "IRL"]
[WhiteElo "1656"]
[WhiteRD "86"]
[BlackElo "1929"]
[BlackRD "80"]
[GameID "197194"]

1. e4 c5 2. Nf3 d6 3. d4 cxd4 4. Nxd4 Nf6 5. Nc3 g6 6. Be3 Bg7 7. f3 O-O 8. Qd2 Nc6 9. O-O-O a6 10. Nxc6 bxc6
11. Bd3 Be6 12. a3 Qa5 13. Bh6 Rfc8 14. Bxg7 Kxg7 15. g4 Rab8 16. h4 Rxb2 17. Kxb2 Rb8+ 18. Ka1 Qxa3+
0-1